Elsevier's veterinary assisting textbook / (Record no. 2405)

MARC details
000 -LEADER
fixed length control field 00381nam a22001455i 4500
008 - FIXED-LENGTH DATA ELEMENTS--GENERAL INFORMATION
fixed length control field 191122s2020 pau 000 0 eng
020 ## - INTERNATIONAL STANDARD BOOK NUMBER
ISBN 9780323681452
100 1# - MAIN ENTRY--AUTHOR
Author Sirois, Margi,
245 10 - TITLE STATEMENT
Title Elsevier's veterinary assisting textbook /
Statement of responsibility, etc Margi Sirois.
250 ## - EDITION STATEMENT
Edition statement Third.
260 ## - PUBLICATION, DISTRIBUTION, ETC. (IMPRINT)
Place of publication Missouri
Name of publisher Elsevier Ltd
Date of publication 2021
300 ## - COLLATION
Pagination pages cm
942 ## - ADDED ENTRY ELEMENTS (KOHA)
Item type Books
050 ## - LIBRARY OF CONGRESS CALL NUMBER
Classification number SF745
Item number .S57
Holdings
Source of classification or shelving scheme Not for loan Permanent location Current location Date acquired Accession No. Full call number Barcode. Koha item type
Library of Congress Classification   Samuel Ogbemudia Main Library, University of Abuja Samuel Ogbemudia Main Library, University of Abuja 03/18/2025 2024/63853 SF745.S57 2025-0671 Books